True to life: Elementary

Saved in:
Bibliographic Details
Main Author: Bampfied, Andrew
Format: Book
Language:Undetermined
Published: Cambridge Cambridge University Press
Subjects:
Tags: Add Tag
No Tags, Be the first to tag this record!
Institutions: Trung tâm Học liệu Trường Đại học Cần Thơ
LEADER 00544nam a2200181Ia 4500
001 CTU_121356
008 210402s9999 xx 000 0 und d
082 |a 428.34 
082 |b B211e 
100 |a Bampfied, Andrew 
245 0 |a True to life: Elementary 
245 0 |c Andrew Bampfied, Joanne Collie, Stephen Slater 
260 |a Cambridge 
260 |b Cambridge University Press 
650 |a English language 
650 |x Study and teaching,Foreign speakers 
904 |i M.Loan 
980 |a Trung tâm Học liệu Trường Đại học Cần Thơ